Die 50 Twitch Streamer mit den meisten Followern - Statistiken

Allgemein
  • Dieses Quiz wurde 153 mal gespielt
  • Das Durchschnittsergebnis liegt bei 13 aus 50
Antwortstatistiken
Antwort Follower % Korrekt
Papaplatte 2.85M
85%
Montanablack88 5.57M
72%
BastiGHG 2.15M
63%
Trymacs 3.76M
62%
Eliasn97 2.11M
59%
Zarbex 909
48%
Gronkh 1.75M
46%
RevedTV 1.13
46%
Rezo 734
46%
Rewinside 1.90M
45%
Honeypuu 1.00
40%
LetsHugoTV 1.07
38%
Amar 1.83M
37%
Fibii 908
37%
PietSmiet 832
37%
Rumathra 893
37%
HandOfBlood 1.36M
34%
NiklasWilson 980
34%
Paluten 716
34%
TheRealKnossi 2.41M
32%
xRohat 1.19
32%
Elotrix 1.67M
30%
SidneyEweka 1.11
28%
ungespielt 1.48M
27%
chefstrobel 653
25%
MckyTV 1.35M
25%
Sascha 1.21
23%
Stegi 742
21%
AnniTheDuck 760
19%
TANZVERBOT 825
19%
Vadeal 1.07
19%
rezonfn 1.25M
17%
Letshe 1.83M
16%
Mexify 594
15%
Gnu_Live 759
13%
abugoku9999 629
11%
GamerBrother 648
11%
NoWay4u_Sir 736
11%
GronkhTV 614
9%
katoo 609
9%
Inscope21TV 1.02
7%
Repaz 725
7%
xTheSolutionTV 755
7%
GTimeTV 888
4%
Giggand 638
3%
SparkofPhoenixTV 737
3%
KamoLRF 761
2%
Harmii 638
1%
Nedurix 610
1%
Noahreyli 781
1%
Keine übereinstimmenden Quizze gefunden
Verteilung der Resultate
Anzahl Personen mit jedem Resultat
Perzentil nach korrekt beantworteten Fragen
Ihre Resultats-Entwicklung
Sie haben dieses Quiz noch nicht gespielt